| 000 | 02157nam a2200421 a 4500 | ||
|---|---|---|---|
| 001 | ebr10479822 | ||
| 003 | CaPaEBR | ||
| 006 | m u | ||
| 007 | cr cn||||||||| | ||
| 008 | 030331s2003 enk sb 001 0 eng d | ||
| 010 | _z 2003007464 | ||
| 020 | _z0745321216 (hc) | ||
| 020 | _z0745321208 (pbk.) | ||
| 020 | _z9780745321219 | ||
| 020 | _z9781849642101 (e-book) | ||
| 040 |
_aCaPaEBR _cCaPaEBR |
||
| 035 | _a(OCoLC)53985300 | ||
| 043 |
_aa-is--- _aaw----- |
||
| 050 | 1 | 4 |
_aDS113.7 _b.M32 2003eb |
| 082 | 0 | 4 |
_a325/.21/0899274 _221 |
| 100 | 1 |
_aMasalha, Nur, _d1957- |
|
| 245 | 1 | 4 |
_aThe politics of denial _h[electronic resource] : _bIsrael and the Palestinian refugee problem / _cNur Masalha. |
| 250 | _a1st ed. | ||
| 260 |
_aLondon ; _aSterling, Va. : _bPluto Press, _c2003. |
||
| 300 | _avi, 298 p. | ||
| 504 | _aIncludes bibliographical references (p. 270-290) and index. | ||
| 505 | 0 | _aThe Palestinian nakba : zionism, 'transfer' and the 1948 exodus -- Israel's 'new historians' and the nakba : a critique of zionist discourse -- 'If you can't solve it, dissolve it' : Israeli resettlement schemes since 1948 -- Israeli approaches to restitution of property and compensation (1948-1956) -- The 'present absentees' and their legal struggle : evolving Israeli policies towards the internally displaced (1948-2003) -- The 1967 refugee exodus -- Israeli refugee policies during negotiations : from Madrid to Taba (October 1991-January 2001). | |
| 533 |
_aElectronic reproduction. _bPalo Alto, Calif. : _cebrary, _d2013. _nAvailable via World Wide Web. _nAccess may be limited to ebrary affiliated libraries. |
||
| 650 | 0 |
_aRefugees, Arab _xGovernment policy _zIsrael. |
|
| 650 | 0 |
_aPalestinian Arabs _xGovernment policy _zIsrael. |
|
| 650 | 0 |
_aIsrael-Arab War, 1948-1949 _xRefugees. |
|
| 650 | 0 | _aArab-Israeli conflict. | |
| 651 | 0 |
_aIsrael _xPolitics and government _y20th century. |
|
| 651 | 0 |
_aIsrael _xEthnic relations. |
|
| 655 | 7 |
_aElectronic books. _2local |
|
| 710 | 2 | _aebrary, Inc. | |
| 856 | 4 | 0 |
_uhttp://site.ebrary.com/lib/rucke/Doc?id=10479822 _zAn electronic book accessible through the World Wide Web; click to view |
| 999 |
_c219797 _d219797 |
||